| 000 | 00561nam a2200193Ia 4500 | ||
|---|---|---|---|
| 003 | GCL | ||
| 008 | 140319s9999 xx 000 0 eng d | ||
| 040 |
_aGCL / _cGCL |
||
| 082 | 0 | 4 |
_a155.24 _bJ P |
| 100 | 1 | _aJOURARD, SIDNEY M | |
| 245 | 1 | 0 |
_aPERSONAL ADJUSTMENT: AN APPROACH THROUGH THE STUDY OF HEALTHY PERSONALITY / _cJOURARD, SIDNEY M |
| 260 |
_a[S.N] : _bTHE MACMILLAN COMPANY ، _c1963 |
||
| 300 | _a477 P | ||
| 650 | 0 | 4 | _aPERSONALITY |
| 650 | 0 | 4 | _aDEVELOPMENTAL PSYCHOLOGY |
| 650 | 0 | 4 | _aADJUSTMENT |
| 650 | 0 | 4 | _aHEALTH PERSONALITY |
| 942 |
_2ddc _cBK |
||
| 999 |
_c14985 _d14985 |
||